Disney, Nickelodeon, or Cartoon Network II Quiz Stats

 Plays Quiz Updated Dec 28, 2018

Score 0/50 Timer 04:00
1 Play Today
TV Show TV Channel Station % Correct
Jessie???
71%
Girl Meets World???
70.9%
Austin & Ally???
70.5%
Lizzie McGuire???
70.1%
Liv and Maddie???
67.9%
Scooby-Doo! Mystery Incorporated???
67.7%
Johnny Bravo???
65.2%
Dog with a Blog???
65.2%
The Amazing World of Gumball???
64.2%
Hey Arnold!???
63.8%
The Emperor's New School???
63.1%
Courage the Cowardly Dog???
62.9%
K.C. Undercover???
62.2%
Sam and Cat???
62.2%
Ned's Declassified School Survival Guide???
61.9%
Foster's Home for Imaginary Friends???
58.8%
Uncle Grandpa???
58.7%
Steven Universe???
58.3%
Phil of the Future???
57.9%
Gravity Falls???
57.8%
The Proud Family???
57%
All That???
56.9%
All Grown Up!???
56.1%
Nicky, Ricky, Dicky, & Dawn???
55.8%
Lab Rats???
55.6%
TV Show TV Channel Station % Correct
The Thundermans???
55.4%
Danny Phantom???
53.6%
The Legend of Korra???
53.5%
Total Drama???
52.1%
The Haunted Hathaways???
51.9%
100 Things to Do Before High School???
51.4%
Clarence???
51.3%
Camp Lazlo!???
50.3%
LEGO: Legends of Chima???
50.2%
Sanjay and Craig???
49.7%
Bella and the Bulldogs???
48.3%
Breadwinners???
47.7%
I Didn't Do It???
47.5%
ThunderCats (2011)???
47.4%
Generator Rex???
46.9%
Figure It Out???
46.7%
How to Rock???
45.8%
Star Wars Rebels???
45.1%
Every Witch Way???
43.2%
Wendell & Vinnie???
41.4%
Wander Over Yonder???
41%
Hole in the Wall???
35.7%
Evermoor???
33.5%
Win, Lose or Draw???
30.8%
Level Up???
30%

You're not logged in!

Compare scores with friends on all Sporcle quizzes.
OR
Log In

Sporcle TV

Today on Sporcle TV


Watch our educational content, quiz creation guides, and fun videos on Sporcle TV.

Show Comments

Extras

Top Quizzes Today


Score Distribution

Your Account Isn't Verified!

In order to create a playlist on Sporcle, you need to verify the email address you used during registration. Go to your Sporcle Settings to finish the process.

Report this User

Report this user for behavior that violates our Community Guidelines.

Details: